000
00329nam a22001457a 4500
005
20160624111512.0
008
160624b xxu||||| |||| 00| 0 eng d
041
_a
eng
082
_b
9734
245
_a
The Payment of Banus Act 1965
260
_b
Professional's
_c
2009
300
_a
45
650
_a
Management
_9
241
942
_c
BK
999
_c
3784
_d
3783